|
|
|
|
| LEADER |
01013nam a2200253 a 4500 |
| 001 |
3348338 |
| 008 |
091205s1984 ii b 001 0 eng d |
| 010 |
|
|
|a 85900546
|
| 020 |
|
|
|a 0195616677 :
|c Rs160.00
|
| 040 |
|
|
|a DLC
|c DLC
|d DLC
|
| 082 |
0 |
0 |
|a 338.1/0954
|2 19
|
| 245 |
0 |
0 |
|a Agrarian power and agricultural productivity in South Asia /
|c edited by Meghnad Desai, Susanne Hoeber Rudolph, Ashok Rudra.
|
| 260 |
|
|
|a Delhi ;
|a New York :
|b Oxford University Press,
|c 1984.
|
| 300 |
|
|
|a 384 p. ;
|c 23 cm.
|
| 504 |
|
|
|a Includes bibliographies and index.
|
| 541 |
1 |
|
|e 00003992
|
| 650 |
|
0 |
|a Agriculture
|x Economic aspects
|z South Asia.
|
| 650 |
|
0 |
|a Agricultural productivity
|z South Asia.
|
| 700 |
1 |
|
|a Desai, Meghnad.
|
| 700 |
1 |
|
|a Rudolph, Susanne Hoeber.
|
| 700 |
1 |
|
|a Rudra, Ashok.
|
| 852 |
4 |
|
|a Ayesha Abed Library
|j General Shelf.
|
| 999 |
|
|
|c 6020
|d 6020
|
| 952 |
|
|
|0 0
|1 0
|2 ddc
|4 0
|6 338_109540000000000_AGR_1984
|7 0
|9 6005
|a BRACUL
|b BRACUL
|c GEN
|d 2009-12-07
|g 525.00
|l 0
|o 338.10954 AGR
|p 3010003992
|r 2009-12-07
|t 1
|w 2009-12-07
|y BK
|